Tutta colpa di Miguel Bosé : storia di un bambino metrosessuale : [romanzo] /
I tiakina i:
| Kaituhi matua: | |
|---|---|
| Hōputu: | Pukapuka |
| Reo: | Itāriana |
| I whakaputaina: |
Roma :
Fazi,
2010
|
| Rangatū: | Le vele ;
106 |
| Ngā Tūtohu: |
Kāore He Tūtohu, Me noho koe te mea tuatahi ki te tūtohu i tēnei pūkete!
|
MARC
| LEADER | 00000nam a2200000 i 4500 | ||
|---|---|---|---|
| 001 | IT\ICCU\UBO\3826040 | ||
| 003 | ItRI | ||
| 005 | 20260215223030.0 | ||
| 008 | 101111s2010 it |||||| ||||| |||||c | ||
| 015 | |2 IT |a 2010-9167 | ||
| 020 | |a 9788864111445 | ||
| 040 | |b ita |c Arcigay Viterbo | ||
| 041 | 7 | |a ita |2 ISO-639-2 | |
| 100 | 1 | |a Gastaldi, Sciltian |0 IT\ICCU\LO1V\292956 | |
| 245 | 1 | 0 | |a Tutta colpa di Miguel Bosé : |b storia di un bambino metrosessuale : [romanzo] / |c Sciltian Gastaldi. |
| 260 | |a Roma : |b Fazi, |c 2010 | ||
| 300 | |a 395 p. ; |c 21 cm. | ||
| 830 | 3 | |a Le vele ; |v 106 |0 IT\ICCU\VIA\0077553 | |
| 942 | |2 ddc |c BK |n 0 | ||
| 952 | |0 0 |1 0 |2 ddc |4 0 |6 P__11_000000000000000 |7 0 |9 9748 |a VT |b VT |d 2025-10-17 |e Deposito Giordano Piccirilli |i PIC54 |l 0 |o P.11 |p PIC54 |r 2025-10-17 12:18:54 |w 2025-10-17 |y BK |z Deposito Giordano Piccirilli | ||
| 952 | |0 0 |1 0 |4 0 |6 DOC_853_920000000000000_GAS |7 0 |9 20548 |a BO |b BO |d 2026-01-15 |i 14387 |l 0 |o DOC 853.92 GAS |p BO14387 |r 2026-01-15 23:21:28 |w 2026-01-15 |x [Sebina 5] [1 v.] |y BK |z 1 v. | ||
| 981 | 1 | |6 z01 |a i |b xxxe | |
| 982 | 1 | |6 z01 |a n | |
| 999 | |c 8132 |d 8132 | ||